|
|
|
|
| LEADER |
00781nam a2200241 a 4500 |
| 001 |
000389095 |
| 003 |
CZ BrMZK |
| 005 |
19980105143423.0 |
| 007 |
ta |
| 008 |
980105s1987 xo f slo d |
| 040 |
|
|
|a BOA001
|b cze
|
| 080 |
|
|
|a 830-311.3=854
|2 MRF
|
| 100 |
1 |
|
|a Wassermann, Jakob,
|d 1873-1934
|7 jn19990008938
|4 aut
|
| 245 |
1 |
0 |
|a Ulrika /
|c Jakob Wassermann ; Z nem. orig. prel. Mária Horváthová ; Ilustr. Tatiana Žitňanová
|
| 250 |
|
|
|a 1. vyd.
|
| 260 |
|
|
|a Bratislava :
|b Smena,
|c 1987
|
| 300 |
|
|
|a 383 s.
|
| 490 |
1 |
|
|a Eva ;
|v Zv. 103
|
| 700 |
1 |
|
|a Horváthová, Mária
|7 jx20041110024
|4 trl
|
| 830 |
|
0 |
|a Eva (Smena)
|0 s
|
| 910 |
|
|
|a BOA001
|b 2-0920.402
|
| 990 |
|
|
|a BK
|
| 996 |
7 |
|
|b 2619785238
|c 2-0920.402
|l MZK
|r Sklad / do 1 hodiny
|n 4
|w 000389095
|u 000010
|a 1
|e BOA001
|j MZK50
|s A
|